Output in the construction industry (Record no. 82030)

MARC details
000 -LEADER
fixed length control field 01220cab a22002175a 4500
001 - CONTROL NUMBER
control field L149024
008 - FIXED-LENGTH DATA ELEMENTS--GENERAL INFORMATION
fixed length control field 091215e20091204xxkd f f000 0 eng d
035 ## - SYSTEM CONTROL NUMBER
System control number (Sirsi) u149024
041 0# - LANGUAGE CODE
Language code of text/sound track or separate title eng
110 2# - MAIN ENTRY--CORPORATE NAME
Corporate name or jurisdiction name as entry element United Kingdom
Subordinate unit Office of National Statistics
9 (RLIN) 2035
245 00 - TITLE STATEMENT
Title Output in the construction industry
Remainder of title third quarter 2009
Medium [electronic resource]
260 ## - PUBLICATION, DISTRIBUTION, ETC.
Date of publication, distribution, etc. 2009
490 ## - SERIES STATEMENT
Series statement ONS Statistical Bulletin
Volume/sequential designation (Third quarter 2009) 4 December 2009
520 ## - SUMMARY, ETC.
Summary, etc. Provides statistics on the output of the construction industry in Great Britain for the third quarter 2009. Reports that the total output in construction volume is 2% lower than it was in the second quarter 2009. The total construction output for the 12 months leading to the third quarter 2009 was 11% lower compared with the 12 previous months.
590 ## - LOCAL NOTE (RLIN)
Local note KA NTK
650 24 - SUBJECT ADDED ENTRY--TOPICAL TERM
Topical term or geographic name entry element ONS OUTPUT IN THE CONSTRUCTION INDUSTRY
651 #4 - SUBJECT ADDED ENTRY--GEOGRAPHIC NAME
Geographic name Great Britain
Chronological subdivision 1707-
690 ## - LOCAL SUBJECT ADDED ENTRY--TOPICAL TERM (OCLC, RLIN)
Topical term or geographic name as entry element BUILT ENVIRONMENT-CONSTRUCTION MARKET
856 40 - ELECTRONIC LOCATION AND ACCESS
Uniform Resource Identifier <a href="https://www.ons.gov.uk/ons/rel/construction/output-and-employment-in-the-construction-industry/q3-2009/q3-2009-statistical-bulletin.pdf">https://www.ons.gov.uk/ons/rel/construction/output-and-employment-in-the-construction-industry/q3-2009/q3-2009-statistical-bulletin.pdf</a>
Public note View the statistical bulletin free of charge online at www.ons.gov.uk...
942 ## - ADDED ENTRY ELEMENTS (KOHA)
Suppress in OPAC 0
Holdings
Withdrawn status Lost status Source of classification or shelving scheme Damaged status Not for loan Home library Current library Shelving location Date acquired Total Checkouts Full call number Barcode Date last seen Copy number Price effective from Koha item type
    Dewey Decimal Classification     Virtual Virtual Online 15/12/2009   ONLINE PUBLICATION 149024-2001 06/08/2019 1 06/08/2019 Journal article